<?xml version="1.0" encoding="UTF-8"?>
<record
    xmlns:xsi="http://www.w3.org/2001/XMLSchema-instance"
    xsi:schemaLocation="http://www.loc.gov/MARC21/slim http://www.loc.gov/standards/marcxml/schema/MARC21slim.xsd"
    xmlns="http://www.loc.gov/MARC21/slim">

  <leader>04532nam a2200433 a 4500</leader>
  <controlfield tag="001">ebr10480233</controlfield>
  <controlfield tag="003">CaPaEBR</controlfield>
  <controlfield tag="006">m        u        </controlfield>
  <controlfield tag="007">cr cn|||||||||</controlfield>
  <controlfield tag="008">110516s2011    si ad   sb    101 0 eng d</controlfield>
  <datafield tag="010" ind1=" " ind2=" ">
    <subfield code="z">  2011281954</subfield>
  </datafield>
  <datafield tag="020" ind1=" " ind2=" ">
    <subfield code="z">9814322083</subfield>
  </datafield>
  <datafield tag="020" ind1=" " ind2=" ">
    <subfield code="z">9789814322089</subfield>
  </datafield>
  <datafield tag="020" ind1=" " ind2=" ">
    <subfield code="z">9789814322096 (e-book)</subfield>
  </datafield>
  <datafield tag="040" ind1=" " ind2=" ">
    <subfield code="a">CaPaEBR</subfield>
    <subfield code="c">CaPaEBR</subfield>
  </datafield>
  <datafield tag="035" ind1=" " ind2=" ">
    <subfield code="a">(OCoLC)742238517</subfield>
  </datafield>
  <datafield tag="050" ind1="1" ind2="4">
    <subfield code="a">HB3722</subfield>
    <subfield code="b">.I58 2009eb</subfield>
  </datafield>
  <datafield tag="082" ind1="0" ind2="4">
    <subfield code="a">338.542</subfield>
    <subfield code="2">22</subfield>
  </datafield>
  <datafield tag="111" ind1="2" ind2=" ">
    <subfield code="a">International Banking and Finance Conference</subfield>
    <subfield code="n">(12th :</subfield>
    <subfield code="d">2009 :</subfield>
    <subfield code="c">Chicago, Ill.)</subfield>
  </datafield>
  <datafield tag="245" ind1="1" ind2="4">
    <subfield code="a">The international financial crisis</subfield>
    <subfield code="h">[electronic resource] :</subfield>
    <subfield code="b">have the rules of finance changed? /</subfield>
    <subfield code="c">edited by Asli Demirg&#xFFFD;u&#xFFFD;c-Kunt, Douglas D Evanoff, George G Kaufman.</subfield>
  </datafield>
  <datafield tag="260" ind1=" " ind2=" ">
    <subfield code="a">Singapore ;</subfield>
    <subfield code="a">Hackensack, N.J. :</subfield>
    <subfield code="b">World Scientific Pub. Co.,</subfield>
    <subfield code="c">c2011.</subfield>
  </datafield>
  <datafield tag="300" ind1=" " ind2=" ">
    <subfield code="a">xii, 433 p. :</subfield>
    <subfield code="b">ill. (some col.).</subfield>
  </datafield>
  <datafield tag="490" ind1="1" ind2=" ">
    <subfield code="a">World Scientific studies in international economics ;</subfield>
    <subfield code="v">v. 14</subfield>
  </datafield>
  <datafield tag="500" ind1=" " ind2=" ">
    <subfield code="a">"... 12th annual Federal Reserve Bank of Chicago International Banking Conference, co-sponsored by the World Bank, was held in Chicago on September 24-25, 2009"--Pref.</subfield>
  </datafield>
  <datafield tag="504" ind1=" " ind2=" ">
    <subfield code="a">Includes bibliographical references and index.</subfield>
  </datafield>
  <datafield tag="505" ind1="0" ind2=" ">
    <subfield code="a">The international financial crisis : asset price exuberance and macroprudential regulation / Charles L. Evans -- Back from the brink / Christina D. Romer -- Getting the new regulatory framework just right : six questions for policymakers / Jos&#xFFFD;e Vi&#xFFFD;nals -- Longer days, fewer weekends / Kevin M. Warsh -- Banking regulation : changing the rules of the game / Philipp M. Hildebrand -- The causes of the financial crisis and the impact of raising capital requirements / Martin Neil Baily and Douglas J. Elliott -- Origins of the subprime crisis / Charles W. Calomiris -- The role of the financial sector in the great recession / Michael Mussa -- What broke? : the root causes of the crisis / Edwin M. Truman -- Regulating systemic risk /Masahiro Kawai and Michale Pomerleano -- Dealing with the crises in a globalized world : challenges and solutions / Vincent R. Reinhart -- Systemic risk : is there a playbook? / Robert K. Steel -- Banking on the state / Piergiorgio Alessandri and Andrew G. Haldane -- Liquidity risk and central bank actions during the 2007-2009 crisis / Francesco Papadia and Tuomas V&#xFFFD;alim&#xFFFD;aki -- The role of the state in a crisis / Phillip L. Swagel -- Comments : panel on the role of the state / Peter J. Wallison -- Financial instability and the macroeconomics : bridging the gulf / Claudio Borio and Mathias Drehmann -- Is a less procyclical financial system an achievable goal? / Charles A.E. Goodhart -- Bubbles? / Allan H. Meltzer -- What to do about bubbles : monetary policy and macroprudential regulation / Marvin Goodfriend -- Dealing with crises in a globalized world : challenges and solutions / Athanasios Orphanides -- Global financial reform : diagnosis and prognosis, a network approach / Andrew L.T. Sheng -- Dealing with cross-border bank distress : some specific options for reform / Stijn Claessens -- Making safety-net managers accountable for safety-net subsidies / Edward J. Kane -- Regulatory governance and agency design : an old topic, made extra relevant by the financial crisis / Michael Klein -- The sentinal : improving the governance of financial policies / Ross Levine -- Holding regulators and government more accountable : comments / R. Christopher Whalen -- Status quo? : I hardly think so / Wayne A. Abernathy -- Where do we go from here? / Anil K Kashyap -- Suggested financial structure for developing countries / Justin Yifu Lin -- Comments on "Where do we go from here?" / Deborah J. Lucas -- Where to from here? : have the rules of finance changed? / John Silvia.</subfield>
  </datafield>
  <datafield tag="533" ind1=" " ind2=" ">
    <subfield code="a">Electronic reproduction.</subfield>
    <subfield code="b">Palo Alto, Calif. :</subfield>
    <subfield code="c">ebrary,</subfield>
    <subfield code="d">2013.</subfield>
    <subfield code="n">Available via World Wide Web.</subfield>
    <subfield code="n">Access may be limited to ebrary affiliated libraries.</subfield>
  </datafield>
  <datafield tag="650" ind1=" " ind2="0">
    <subfield code="a">Financial crises</subfield>
    <subfield code="v">Congresses.</subfield>
  </datafield>
  <datafield tag="650" ind1=" " ind2="0">
    <subfield code="a">International finance</subfield>
    <subfield code="v">Congresses.</subfield>
  </datafield>
  <datafield tag="650" ind1=" " ind2="0">
    <subfield code="a">Monetary policy</subfield>
    <subfield code="v">Congresses.</subfield>
  </datafield>
  <datafield tag="655" ind1=" " ind2="7">
    <subfield code="a">Electronic books.</subfield>
    <subfield code="2">local</subfield>
  </datafield>
  <datafield tag="700" ind1="1" ind2=" ">
    <subfield code="a">Demirg&#xFFFD;u&#xFFFD;c-Kunt, Asl&#xFFFD;,</subfield>
    <subfield code="d">1961-</subfield>
  </datafield>
  <datafield tag="700" ind1="1" ind2=" ">
    <subfield code="a">Evanoff, Douglas Darrell,</subfield>
    <subfield code="d">1951-</subfield>
  </datafield>
  <datafield tag="700" ind1="1" ind2=" ">
    <subfield code="a">Kaufman, George G.</subfield>
  </datafield>
  <datafield tag="710" ind1="2" ind2=" ">
    <subfield code="a">Federal Reserve Bank of Chicago.</subfield>
  </datafield>
  <datafield tag="710" ind1="2" ind2=" ">
    <subfield code="a">ebrary, Inc.</subfield>
  </datafield>
  <datafield tag="830" ind1=" " ind2="0">
    <subfield code="a">World Scientific studies in international economics ;</subfield>
    <subfield code="v">v. 14.</subfield>
  </datafield>
  <datafield tag="856" ind1="4" ind2="0">
    <subfield code="u">http://site.ebrary.com/lib/rucke/Doc?id=10480233</subfield>
    <subfield code="z">An electronic book accessible through the World Wide Web; click to view</subfield>
  </datafield>
  <datafield tag="999" ind1=" " ind2=" ">
    <subfield code="c">220897</subfield>
    <subfield code="d">220897</subfield>
  </datafield>
</record>
